| 000 | 01223nam a22003497a 4500 | ||
|---|---|---|---|
| 003 | EG-ScBUE | ||
| 005 | 20220623104013.0 | ||
| 008 | 110605s2008 enk f 000 f eng d | ||
| 020 | _a9781405865319 | ||
| 040 |
_aEG-ScBUE _beng _erda _cEG-ScBUE _dEG-ScBUE |
||
| 041 | 1 |
_aeng _hfre |
|
| 082 | 0 | 4 |
_222 _a843.8 _bFLA |
| 100 | 1 |
_924601 _aFlaubert, Gustave, _d1821-1880, _eauthor. |
|
| 245 | 1 | 0 |
_aMadame Bovary / _cGustave Flaubert ; translated by Geoffrey Wall ; retold by Christopher Tribble. |
| 264 | 1 |
_aHarlow, England : _bPearson Education Limited, _c2008. |
|
| 300 |
_a107 pages ; _c24 cm. |
||
| 336 |
_2rdacontent _atext _btxt |
||
| 337 |
_2rdamedia _aunmediated _bn |
||
| 338 |
_2rdacarrier _avolume _bnc |
||
| 490 | 0 |
_aPenguin readers ; _vlevel 6 |
|
| 521 | _aC1: Advanced | ||
| 546 | _aText in English ; translated from the original French. | ||
| 650 |
_924604 _aPhysicians' spouses _vFiction. _2BUEsh |
||
| 650 | 7 |
_aMarried women _vFiction. _2BUEsh |
|
| 650 | 7 |
_aAdultery _vFiction. _2BUEsh |
|
| 651 | _2BUEsh | ||
| 653 |
_cJune2011 _bHHUUEENN |
||
| 655 |
_vReading book _934232 |
||
| 700 | 1 |
_924602 _aWall, Geoffrey, _etranslator. |
|
| 700 | 1 |
_924603 _aTribble, Christopher, _econtributor. |
|
| 942 |
_2ddc _cBB |
||
| 999 |
_c15524 _d15524 |
||